000 00641nam a2200241Ia 4500
003 OSt
005 20220918202852.0
006 a|||||r|||| 00| 0
007 ta
008 220917b |||||||| |||| 00| 0 eng d
024 _a104,450
037 _cTextual
040 _aARTS
_cARTS
_beng
041 _2eng
_aeng
082 _aY:45111.5.N7, L8
100 _aHalbwachs M
_9105643
245 0 _aCauses of suicide tr by Harold Goldblatt
260 _aLondon
_bRoutledge
_c1978
300 _axxx, 372p.
_ccm.
650 _aSOCIOLOGY
942 _hY:45111.5.N7, L8
_cTEXL
_2CC
999 _c227818
_d227818